00375cam a22000977a 4500008004000000082001500040245013600055260004100191300001000232700003500242180718b1913 xxu||||| |||| 00| 0 eng d aB7x54 In2l aPublished resolutions of the Government of India relating to municipalities, local boards and educationcby Department of Education aSimlabDepartment of Educationc1913 a161p. aIndia. Department of Education